Ways of drawing : (Record no. 608528)

000 -LEADER
fixed length control field 04365cam a2200649 i 4500
001 - CONTROL NUMBER
control field 20853380
003 - CONTROL NUMBER IDENTIFIER
control field NUST
005 - DATE AND TIME OF LATEST TRANSACTION
control field 20240304113156.0
008 - FIXED-LENGTH DATA ELEMENTS--GENERAL INFORMATION
fixed length control field 190213t20192019enka b 001 0 eng d
010 ## - LIBRARY OF CONGRESS CONTROL NUMBER
LC control number 2019934308
015 ## - NATIONAL BIBLIOGRAPHY NUMBER
National bibliography number GBB9D3469
Source bnb
016 7# - NATIONAL BIBLIOGRAPHIC AGENCY CONTROL NUMBER
Record control number 019494280
Source Uk
020 ## - INTERNATIONAL STANDARD BOOK NUMBER
International Standard Book Number 9780500021903
Qualifying information hardcover
020 ## - INTERNATIONAL STANDARD BOOK NUMBER
International Standard Book Number 0500021902
Qualifying information hardcover
035 ## - SYSTEM CONTROL NUMBER
System control number (OCoLC)on1112373945
038 ## - RECORD CONTENT LICENSOR
Staff Name Malang Jan
040 ## - CATALOGING SOURCE
Original cataloging agency UKMGB
Language of cataloging eng
Transcribing agency UKMGB
Description conventions rda
Modifying agency OCLCO
-- SINLB
-- OCLCF
-- L2U
-- UAB
-- YDX
-- HMS
-- OCLCQ
-- OCLCO
-- IUL
-- PMC
-- UKOBU
-- ERASA
-- BDX
-- NZAUC
-- GSU
-- QS3
-- GZN
-- MYA
-- OCLCA
-- YDXIT
-- CLE
-- OCLCO
-- DLC
042 ## - AUTHENTICATION CODE
Authentication code lccopycat
050 00 - LIBRARY OF CONGRESS CALL NUMBER
Classification number NC710
Item number .W39 2019
082 04 - DEWEY DECIMAL CLASSIFICATION NUMBER
Classification number 741
Edition number 23
Author Mark WAY
245 00 - TITLE STATEMENT
Title Ways of drawing :
Remainder of title artists' perspectives and practices /
Statement of responsibility, etc. Royal Drawing School ; introduced by Julian Bell ; edited by Julian Bell, Julia Balchin & Claudia Tobin.
246 30 - VARYING FORM OF TITLE
Title proper/short title Artists' perspectives and practices
264 #1 - PRODUCTION, PUBLICATION, DISTRIBUTION, MANUFACTURE, AND COPYRIGHT NOTICE
Place of production, publication, distribution, manufacture London :
Name of producer, publisher, distributor, manufacturer Thames and Hudson :
-- in collaboration with the Royal Drawing School,
Date of production, publication, distribution, manufacture, or copyright notice 2019.
264 #4 - PRODUCTION, PUBLICATION, DISTRIBUTION, MANUFACTURE, AND COPYRIGHT NOTICE
Date of production, publication, distribution, manufacture, or copyright notice ©2019
300 ## - PHYSICAL DESCRIPTION
Extent 272 pages :
Other physical details illustrations (some color) ;
Dimensions 29 cm
336 ## - CONTENT TYPE
Content type term text
Content type code txt
Source rdacontent
336 ## - CONTENT TYPE
Content type term still image
Content type code sti
Source rdacontent
337 ## - MEDIA TYPE
Media type term unmediated
Media type code n
Source rdamedia
338 ## - CARRIER TYPE
Carrier type term volume
Carrier type code nc
Source rdacarrier
504 ## - BIBLIOGRAPHY, ETC. NOTE
Bibliography, etc. note Includes bibliographical references (page 264) and index.
505 0# - FORMATTED CONTENTS NOTE
Formatted contents note To start... / Julian Bell -- Studio space. Focusing on the individual / Ishbel Myerscough ; The life room / Thomas Newbolt ; Looking and listening / Eileen Hogan ; Skill and vision / John Lessore ; The gallery as visual dictionary / Ann Dowker ; Drawing from ancient sculpture / Ian Jenkins ; Modelling / Isley Lynn -- Open space. From the studio to the street / Timothy Hyman ; Learning the city / Liza Dimbleby ; Buildings as objects in space / Martin Shortis ; Other people's terrain / Mark Cazalet ; Covering the ground / William Feaver ; Finding and making in open country / Daniel Chatto ; Nature up close / Clara Drummond -- Inner space. Stroke, body, space / Ewan Clayton ; Graphic medicine / Emily Haworth-Booth ; Drawing from film / Catherine Goodman ; Walk the line / Sarah Pickstone ; Text and image : where two rivers meet / Sophie Herxheimer ; Being drawing / Dilip Sur.
520 8# - SUMMARY, ETC.
Summary, etc. Ways of Drawing brings together a sophisticated, exciting range of reflections on markmaking by practising artists, teachers and writers. From explorations of how it feels to draw and personal accounts of artistic development, to short, imaginative propositions for looking, understanding and experiencing afresh, this collection repositions drawing as a vital creative and intellectual endeavour. The book is divided into three sections: 'Studio Space', which focuses on drawing within four walls; 'Open Space', which ventures out into the cityscapes and landscapes around us; and 'Inner Space', which returns to the living, feeling, drawing person. Each section is comprehensively illustrated with a wealth of drawings, prints and paintings by faculty and alumni of the Royal Drawing School, works by established artists past and present, and photographs of artists at work.
650 #0 - SUBJECT ADDED ENTRY--TOPICAL TERM
Topical term or geographic name entry element Drawing.
9 (RLIN) 28332
650 #0 - SUBJECT ADDED ENTRY--TOPICAL TERM
Topical term or geographic name entry element Drawing
General subdivision Technique.
9 (RLIN) 31809
650 #0 - SUBJECT ADDED ENTRY--TOPICAL TERM
Topical term or geographic name entry element Drawing
General subdivision Philosophy.
9 (RLIN) 121761
650 12 - SUBJECT ADDED ENTRY--TOPICAL TERM
Topical term or geographic name entry element Pictorial Works as Topic
9 (RLIN) 121762
650 #6 - SUBJECT ADDED ENTRY--TOPICAL TERM
Topical term or geographic name entry element Dessin.
9 (RLIN) 121763
650 #6 - SUBJECT ADDED ENTRY--TOPICAL TERM
Topical term or geographic name entry element Dessin
General subdivision Technique.
9 (RLIN) 121764
650 #6 - SUBJECT ADDED ENTRY--TOPICAL TERM
Topical term or geographic name entry element Dessin
General subdivision Philosophie.
9 (RLIN) 121765
650 #7 - SUBJECT ADDED ENTRY--TOPICAL TERM
Topical term or geographic name entry element drawing (image-making)
Source of heading or term aat
9 (RLIN) 121766
650 #7 - SUBJECT ADDED ENTRY--TOPICAL TERM
Topical term or geographic name entry element 21.21 technique and materials of drawing.
Source of heading or term bcl
Authority record control number or standard number (NL-LeOCL)077595114
9 (RLIN) 121767
650 #7 - SUBJECT ADDED ENTRY--TOPICAL TERM
Topical term or geographic name entry element Drawing.
Source of heading or term fast
Authority record control number or standard number (OCoLC)fst00897725
9 (RLIN) 28332
650 #7 - SUBJECT ADDED ENTRY--TOPICAL TERM
Topical term or geographic name entry element Drawing
General subdivision Philosophy.
Source of heading or term fast
Authority record control number or standard number (OCoLC)fst00897741
9 (RLIN) 121761
650 #7 - SUBJECT ADDED ENTRY--TOPICAL TERM
Topical term or geographic name entry element Drawing
General subdivision Technique.
Source of heading or term fast
Authority record control number or standard number (OCoLC)fst00897757
9 (RLIN) 31809
650 #7 - SUBJECT ADDED ENTRY--TOPICAL TERM
Topical term or geographic name entry element 21.21 technique and materials of drawing.
Source of heading or term nbc
Authority record control number or standard number (NL-LeOCL)077595114
9 (RLIN) 121767
655 #2 - INDEX TERM--GENRE/FORM
Genre/form data or focus term Drawing
9 (RLIN) 121768
655 #7 - INDEX TERM--GENRE/FORM
Genre/form data or focus term drawings (visual works)
Source of term aat
9 (RLIN) 121769
655 #7 - INDEX TERM--GENRE/FORM
Genre/form data or focus term Drawings.
Source of term lcgft
9 (RLIN) 121770
655 #7 - INDEX TERM--GENRE/FORM
Genre/form data or focus term Dessins.
Source of term rvmgf
9 (RLIN) 121771
700 1# - ADDED ENTRY--PERSONAL NAME
Personal name Bell, Julian,
Dates associated with a name 1952-
Relator term editor.
9 (RLIN) 121772
700 1# - ADDED ENTRY--PERSONAL NAME
Personal name Balchin, Julia,
Relator term editor.
9 (RLIN) 121773
700 1# - ADDED ENTRY--PERSONAL NAME
Personal name Tobin, Claudia,
Relator term editor.
9 (RLIN) 121774
710 2# - ADDED ENTRY--CORPORATE NAME
Corporate name or jurisdiction name as entry element Royal Drawing School.
9 (RLIN) 121775
906 ## - LOCAL DATA ELEMENT F, LDF (RLIN)
a 7
b cbc
c copycat
d 2
e epcn
f 20
g y-gencatlg
942 ## - ADDED ENTRY ELEMENTS (KOHA)
Source of classification or shelving scheme
Koha item type Book
Holdings
Withdrawn status Lost status Source of classification or shelving scheme Damaged status Not for loan Permanent Location Current Location Date acquired Source of acquisition Total Checkouts Full call number Barcode Date last seen Cost, replacement price Price effective from Koha item type
          School of Art Design and Architecture (SADA) School of Art Design and Architecture (SADA) 03/11/2021 Multiline   741 WAY 2019 SADA0002872 03/04/2024 4851.60 03/04/2024 Book
© 2023 Central Library, National University of Sciences and Technology. All Rights Reserved.